Normal view
MARC view
Entry Personal Name
001 - CONTROL NUMBER
- control field: 7571
003 - CONTROL NUMBER IDENTIFIER
- control field: OSt
005 - DATE AND TIME OF LATEST TRANSACTION
- control field: 20211028144147.0
008 - FIXED-LENGTH DATA ELEMENTS
- fixed length control field: 211028|| aca||aabn | a|a d
040 ## - CATALOGING SOURCE
- Original cataloging agency: OSt
- Transcribing agency: OSt
100 ## - HEADING--PERSONAL NAME
- Personal name: Upendra, Uchil Laveena; Kusuma P.
- Miscellaneous information: 1416153
670 ## - SOURCE DATA FOUND
- Source citation: Work cat.: (OSt): Upendra, Uchil Laveena; Kusuma P. 1416153, Study on joint venture related party and process of asset Mangalore in BPCL Mumbai., 2016